000 00936nam a22002177a 4500
999 _c7143
_d7143
003 AR-CdUCM
008 190320b ||||| |||| 00| 0 spa d
040 _aMUNICIPALIDAD PROVINCIAL DEL CUSCO
_cBIBLIOTECA MUNICIPAL DEL CUSCO
082 _a574.5 /
_bZ96
100 _aZutter, Pierre de
_920142
245 _aSiete cuentos y recuentos sobre ecología /
260 _aLima :
_bEdit. Horizonte,
_c1990.
300 _a109 paginas ;
_c20 cm.
505 _aContenido :El cuento del proyecto ecológico --El cuento de la investigación ecológica --La teoría y la practica son ambos profesionales --El cuento de la escuela mejorada --El cuento de la urbanización rural --El cuento del modelo ecológico --El cuento de la medicina ambiental /
650 _aCuentos peruanos
_97
650 _aEcología en la literatura
_920143
650 _aSiglo XX
_98
650 _aEcología agrícola
_920144
942 _2ddc
_cLIBROS
945 _arjall